LEADER 01124nam0 22003011i 450 001 UON00350281 005 20231205104338.505 010 $a84-206-2197-8 100 $a20091221d1977 |0itac50 ba 101 $aspa 102 $aES 105 $a|||| 1|||| 200 1 $aSemántica$fGeoffrey Leech$gversión española de Juan Luis Tato G. Espada 210 $aMadrid$cAlianza editorial$d1977 215 $a418 p.$d21 cm. 410 1$1001UON00171797$12001 $a Alianza Universidad$1210 $aMadrid$cAlianza Editorial 606 $aSemantica$3UONC000768$2FI 620 $aES$dMadrid$3UONL000218 676 $a400$cLinguaggio$v21 700 1$aLEECH$bGeoffrey N.$3UONV059133$0165053 702 1$aTATO G. ESPADA$bJuan Luis$3UONV194994 712 $aAlianza$3UONV253156$4650 801 $aIT$bSOL$c20250131$gRICA 899 $aSIBA - SISTEMA BIBLIOTECARIO DI ATENEO$2UONSI 912 $aUON00350281 950 $aSIBA - SISTEMA BIBLIOTECARIO DI ATENEO$dSI SPA V 0360 $eSI LO 13078 5 0360 996 $aSemántica$91355832 997 $aUNIOR